000 00910nam a2200241Ia 4500
008 191130s2010##################000#0#eng##
020 _a9780736081771
022 _a2009047649
040 _aACL
_cACL
082 _a790.196 HUM
245 _aInclusive recreation : programs and services for diverse populations
_cHuman Kinetics, editor
260 _aChampaign, IL
_bHuman Kinetics
_cc2010
300 _aviii, 399 p. : ill. ; 29 cm
500 _aIncludes bibliographical references (p. 371-385) and index
650 _aInclusive education - United States
650 _aPeople with disabilities - Recreation - United States
650 _aPeople with disabilities - Recreation - United States - Planning
650 _aRecreation - Law and legislation - United States
710 _aHuman Kinetics (Organization)
990 _ae3f17f41ac10000c5ad170e2d10e5a94
991 _a373457
999 _c213299
_d213299